Fr. Conceicao Rodrigues College of Engineering

Engineering Mechanics (Record no. 29049)

MARC details
000 -LEADER
fixed length control field 00306nam a2200145Ia 4500
100 ## - MAIN ENTRY--PERSONAL NAME
Personal name Mclean W.G./ Nelson/E.W
250 ## - EDITION STATEMENT
Edition statement 3
245 ## - TITLE STATEMENT
Title Engineering Mechanics
260 ## - PUBLICATION, DISTRIBUTION, ETC.
Name of publisher, distributor, etc. Mc Graw Hill
Place of publication, distribution, etc. Singapore
Date of publication, distribution, etc. 1983
300 ## - PHYSICAL DESCRIPTION
Extent 408
546 ## - LANGUAGE NOTE
Language note ENGLISH
654 ## - SUBJECT ADDED ENTRY--FACETED TOPICAL TERMS
Focus term Mechanics
942 ## - ADDED ENTRY ELEMENTS (KOHA)
Koha item type BOOK
Holdings
Withdrawn status Lost status Damaged status Not for loan Collection Home library Current library Date acquired Total Checkouts Full call number Barcode Date last seen Price effective from Koha item type
        CRC Fr. Agnel's C.Rodrigues College of Engineering Fr. Agnel's C.Rodrigues College of Engineering 17/03/2023   9266 17/03/2023 17/03/2023 BOOK